Fabvlae
Kaydedildi:
| Yazar: | |
|---|---|
| Materyal Türü: | Kitap |
| Dil: | Yunanca Latince |
| Baskı/Yayın Bilgisi: |
Londres
Oxford University
1902
|
| Konular: | |
| Etiketler: |
Etiketle
Etiket eklenmemiş, İlk siz ekleyin!
|
MARC
| LEADER | 00000nam a2200000 a 4500 | ||
|---|---|---|---|
| 001 | UCO5855 | ||
| 003 | CL-VaPUC | ||
| 008 | 000915e19020000UK |||||||||||||||||gre|d | ||
| 041 | 0 | 7 | |a gre |2 CL-VaPUC |
| 041 | 0 | 7 | |a lat |2 CL-VaPUC |
| 082 | 0 | 4 | |a 882 |b EUR |2 21 |
| 100 | 0 | |a Eurípides |e author |9 269419 | |
| 245 | 1 | 0 | |a Fabvlae |
| 300 | |a v | ||
| 942 | |c BK | ||
| 945 | |d 20000915 00:00:00 |a crobeson | ||
| 260 | |a Londres |b Oxford University |c 1902 | ||
| 500 | |a v.1: Cyclops, Alcestis, Medea, Heraclidae, Hippolytus, Andromacha, Hecuba | ||
| 500 | |a v.2: Svpplices, Hercvles, Ion, Troiades, Electra, Iphigenia Tavrica | ||
| 500 | |a v.3: Helena, Phoenissae, Orestes, Bacchae, Iphigenia, Avlidensis, Rhesus | ||
| 650 | 7 | |a DRAMAS GRIEGOS |2 CL-VaPUC |9 450655 | |
| 650 | 0 | |a Tragedia griega |9 265362 | |
| 583 | |a last modification |c 20000915 00:00:00 |k Rodrigo Vera | ||
| 999 | |c 291682 |d 291680 | ||
| 952 | |0 0 |1 0 |4 0 |6 882_000000000000000_EUR_1902 |7 0 |8 A |9 341761 |a BIBART |b BIBART |d 2019-11-20 |h v.1 |i 3443388 |o 882 EUR 1902 |p 3443388 |r 2025-03-13 |w 2019-11-20 |y BK |k ART | ||